Data mining using SAS enterprise miner

Možnosti použitia nástrojov softvéru SAS Enterprise Miner pri analýze faktorov ovplyvňujúcich výskyt monetárnej chudoby na Slovensku.

Salvato in:
Dettagli Bibliografici
Autore principale: Labudová, Viera, 1958-
Natura: Capitolo di libro
Lingua:inglese
Soggetti:
Tags: Aggiungi Tag
Nessun Tag, puoi essere il primo ad aggiungerne!!

MARC

LEADER 00000naa a2200000 4500
001 0188969
005 20240502073209.7
041 0 |a eng 
044 |a SK 
245 1 0 |a Data mining using SAS enterprise miner  |c Viera Labudová 
520 |a Možnosti použitia nástrojov softvéru SAS Enterprise Miner pri analýze faktorov ovplyvňujúcich výskyt monetárnej chudoby na Slovensku. 
610 2 0 |a chudoba 
610 2 0 |a Slovensko 
610 2 0 |a softvér 
610 2 0 |a dolovanie dát 
100 1 |a Labudová, Viera, 1958-